Rain, Rain / (Record no. 57699)

MARC details
000 -LEADER
fixed length control field 01579nam a22002777a 4500
005 - DATE AND TIME OF LATEST TRANSACTION
control field 20111017113353.0
010 ## - LCCN (DPL NO)
LC control number B-444470-474
020 ## - INTERNATIONAL STANDARD BOOK NUMBER
International Standard Book Number 8182634113
Terms of availability 15.00
035 ## - SYSTEM CONTROL NUMBER
System control number B-444470-474
037 ## - SOURCE OF ACQUISITION
Stock number DPL
Source of stock number/acquisition Blue Berry/Ven
082 ## - DEWEY DECIMAL CLASSIFICATION NUMBER
Classification number S
100 ## - MAIN ENTRY--PERSONAL NAME
Personal name Jaiswal, Sanjiv 'Sanjay'
245 ## - TITLE STATEMENT
Title Rain, Rain /
Statement of responsibility, etc by Sanjiv Jaiswal 'Sanjay; illustrated by Ajit Narayan; translated by Manisha Chaudhry
250 ## - EDITION STATEMENT
Edition statement 3rd
260 ## - PUBLICATION, DISTRIBUTION, ETC. (IMPRINT)
Place of publication, distribution, etc New Delhi
Name of publisher, distributor, etc Pratham Books
Date of publication, distribution, etc 2010
270 ## - ADDRESS
Address 633-634,4th "C" Main,6th 'B' Cross, OMBR Layout Banaswadi,
City Bangalore
Postal code 560043
Telephone number 911141042483 (New Delhi)
300 ## - PHYSICAL DESCRIPTION
Extent 13p.
Other physical details ill.
Dimensions 18 cm.(pbk)
700 ## - ADDED ENTRY--PERSONAL NAME
9 (RLIN) 35533
942 ## - ADDED ENTRY ELEMENTS (KOHA)
Source of classification or shelving scheme Dewey Decimal Classification
Item type Children Books
Classification part S
Call number suffix JAI
Holdings
Withdrawn status Lost status Not for loan Collection code Home library Current library Date acquired Source of acquisition Cost, normal purchase price Full call number Barcode Copy number Cost, replacement price Koha item type
      Fiction Central Library Central Library 19/12/2011 Blueberry /7041/29.9.2011/83/21.3.2011/12.10.2011 15.00 S JAI B-444470 1 15.00 Children Books
      Fiction Karol Bagh Karol Bagh 19/12/2011 Blueberry /7041/29.9.2011/83/21.3.2011/12.10.2011 15.00 S JAI B-444473 1 15.00 Children Books
  Written-off vide DLB M. No. 383 dt 16.05.19   Fiction Patel Nagar Patel Nagar 19/12/2011 Blueberry /7041/29.9.2011/83/21.3.2011/12.10.2011 15.00 S JAI B-444471 1 15.00 Children Books
      Fiction Sarojini Nagar Sarojini Nagar 19/12/2011 Blueberry /7041/29.9.2011/83/21.3.2011/12.10.2011 15.00 S JAI B-444472 1 15.00 Children Books
      Fiction Shahdara Branch Shahdara Branch 19/12/2011 Blueberry /7041/29.9.2011/83/21.3.2011/12.10.2011 15.00 S JAI B-444474 1 15.00 Children Books

© Delhi Public Library
Hit Counter
free hit counter